000 00681nam a2200205Ii 4500
003 JO-AjNU
008 230605s9999||||xx |||||||||||||| ||und||
020 _a9953-428-17-4
040 _aJO-AjNU
_bara
_erda
_cJO-AjNU
041 _aara
050 1 4 _aPJ7741.B5. 2006
100 3 _aبن المقفع،عبد الله,
_eauthor
_956601
245 0 0 _aكتاب كليلة ودمنة
264 3 1 _aبيروت: المكتبة العصرية، 2006
300 _a208ص
336 _atext
_btxt
_2rdacontent
337 _aunmediated
_bn
_2rdamedia
338 _avolume
_bnc
_2rdacarrier
650 4 _aالأدباء العرب-تراجم-ابن المقفع-كليلة ودمنة
_956602
999 _aA25313
_c28881
_d28881